Normal view
MARC view
- إعداد وعد محمد مفلح العربيات ؛ إشراف هاشم ياغي
Entry Personal Name
001 - CONTROL NUMBER
- control field: 10358
003 - CONTROL NUMBER IDENTIFIER
- control field: JO-AjAnu
005 - DATE AND TIME OF LATEST TRANSACTION
- control field: 20230606071949.0
008 - FIXED-LENGTH DATA ELEMENTS
- fixed length control field: 230606|| aca||aabn | a|a d
040 ## - CATALOGING SOURCE
- Original cataloging agency: JO-AjAnu
- Transcribing agency: JO-AjAnu
100 ## - HEADING--PERSONAL NAME
- Personal name: إعداد وعد محمد مفلح العربيات ؛ إشراف هاشم ياغي
670 ## - SOURCE DATA FOUND
- Source citation: Work cat.: (JO-AjAnu)5334: إعداد وعد محمد مفلح العربيات ؛ إشراف هاشم ياغي , author, النمر بن تولب (حياته وشعره)